Providence Friars Men's Basketball 2025-26 Roster - Statistics

General Stats
  • This quiz has been taken 23 times
  • The average score is 13 of 16
Answer Stats
Position Jersey # Answer % Correct
F 5 Jamier Jones
100%
G 1 Jason Edwards
100%
G 2 Jaylin Sellers
100%
F 55 Oswin Erhunmwunse
100%
G 11 Ryan Mela
100%
G 7 Stefan Vaaks
100%
Coach - Kim English
91%
F 31 Duncan Powell
82%
G/F 4 Jaylen Harrell
82%
F/G 10 Rich Barron
82%
F 13 Cole Hargrove
73%
G 14 Corey Floyd Jr.
73%
G 3 Daquan Davis
73%
F 17 Peteris Pinnis
73%
G 20 Nilavan Daniels
64%
G 8 Jack Williams
45%
No matching quizzes found
Score Distribution
Percent of People with Each Score
Percentile by Number Answered
Your Score History
You have not taken this quiz